| 000 | 00960cam a22002775a 4500 | ||
|---|---|---|---|
| 001 | 15340603 | ||
| 005 | 20190917123429.0 | ||
| 008 | 080623s2009 njua b 001 0 eng | ||
| 020 | _a9780470192351 (cloth) | ||
| 020 | _a0470192356 (cloth) | ||
| 040 |
_aDLC _cDLC _dBTCTA _dBAKER _dYDXCP _dC#P _dBWX _dCDX _dDLC _dEG-ScBUE _beng |
||
| 082 | 0 | 4 |
_a621.381 _222 _bHAL |
| 100 | 1 |
_aHall, Stephen H. _938610 |
|
| 245 | 1 | 0 |
_aAdvanced signal integrity for high-speed digital designs / _cStephen H. Hall, Howard L. Heck. |
| 260 |
_aHoboken : _bA John Wiley & Sons : _bIEEE, _cc.2009. |
||
| 300 |
_axvii, 660 p. : _bill. ; _c25 cm. |
||
| 500 | _aIndex : p. 655-660. | ||
| 504 | _aIncludes bibliographical references. | ||
| 650 | 7 |
_aDigital electronics. _2BUEsh _910844 |
|
| 650 | 0 |
_aLogic design _93913 |
|
| 650 | 0 |
_aSignal integrity (Electronics) _2BUEsh |
|
| 651 | _2BUEsh | ||
| 653 |
_bENGELC _cSeptember2015 _cOctober2015 |
||
| 700 | 1 | _aHeck, Howard L. | |
| 942 | _2ddc | ||
| 999 |
_c20792 _d20764 |
||